Most Dangerous Cities in Europe - Statistics

General Stats
  • This quiz has been taken 115 times
  • The average score is 4 of 10
Answer Stats
Homicide rate Answer % Correct
4.2 per 100k Moscow
90%
3.2 per 100k Kiev
70%
3.3 per 100k Riga
48%
4.7 per 100k Vilnius
40%
5.5 per 100k Tallinn
35%
5.1 per 100k Glasgow
33%
2.8 per 100k Brussels
30%
3.3 per 100k Belfast
21%
3.5 per 100k Podgorica
17%
3.0 per 100k Zurich
9%
No matching quizzes found
Score Distribution
Percent of People with Each Score
Percentile by Number Answered
Your Score History
You have not taken this quiz